<?xml version="1.0" encoding="UTF-8"?>
<record
    xmlns:xsi="http://www.w3.org/2001/XMLSchema-instance"
    xsi:schemaLocation="http://www.loc.gov/MARC21/slim http://www.loc.gov/standards/marcxml/schema/MARC21slim.xsd"
    xmlns="http://www.loc.gov/MARC21/slim">

  <leader>01198nam a22003137a 4500</leader>
  <controlfield tag="003">OSt</controlfield>
  <controlfield tag="005">20250826100744.0</controlfield>
  <controlfield tag="008">250826b        |||||||| |||| 00| 0 eng d</controlfield>
  <datafield tag="020" ind1=" " ind2=" ">
    <subfield code="a">9781780174242 (Paperback)</subfield>
  </datafield>
  <datafield tag="024" ind1=" " ind2=" ">
    <subfield code="c">USD 20.00</subfield>
  </datafield>
  <datafield tag="040" ind1=" " ind2=" ">
    <subfield code="a">NUST</subfield>
    <subfield code="b">eng</subfield>
    <subfield code="c">NUST</subfield>
    <subfield code="d">NUST</subfield>
    <subfield code="e">rda</subfield>
  </datafield>
  <datafield tag="050" ind1=" " ind2=" ">
    <subfield code="a">QA76.A25 BAR</subfield>
  </datafield>
  <datafield tag="100" ind1=" " ind2=" ">
    <subfield code="a">Barker, Jessica </subfield>
    <subfield code="e">Author</subfield>
  </datafield>
  <datafield tag="245" ind1=" " ind2=" ">
    <subfield code="a">Cybersecurity ABCs :</subfield>
    <subfield code="b">delivering awareness, behaviours and culture change /</subfield>
    <subfield code="c">Jessica Barker, Adrian Davis, Bruce Hallas and Ciar&#xE1;n McMahon. </subfield>
  </datafield>
  <datafield tag="260" ind1=" " ind2=" ">
    <subfield code="a">Swindon, UK :</subfield>
    <subfield code="b">BCS, The Chartered Institute for IT, </subfield>
    <subfield code="c">&#xA9;2021.</subfield>
  </datafield>
  <datafield tag="300" ind1=" " ind2=" ">
    <subfield code="a">xvii, 131 pages :</subfield>
    <subfield code="b">Illustrations ;</subfield>
    <subfield code="c">24 cm.</subfield>
  </datafield>
  <datafield tag="336" ind1=" " ind2=" ">
    <subfield code="2">rdacontent</subfield>
    <subfield code="a">text</subfield>
    <subfield code="b">txt</subfield>
  </datafield>
  <datafield tag="337" ind1=" " ind2=" ">
    <subfield code="2">rdamedia</subfield>
    <subfield code="a">unmediated</subfield>
    <subfield code="b">n</subfield>
  </datafield>
  <datafield tag="338" ind1=" " ind2=" ">
    <subfield code="2">rdacarrier</subfield>
    <subfield code="a">volume</subfield>
    <subfield code="b">nc</subfield>
  </datafield>
  <datafield tag="504" ind1=" " ind2=" ">
    <subfield code="a">Includes bibliographical references and index.</subfield>
  </datafield>
  <datafield tag="650" ind1=" " ind2=" ">
    <subfield code="a">BUSINESS and ECONOMICS </subfield>
    <subfield code="x">Business communication.</subfield>
  </datafield>
  <datafield tag="650" ind1=" " ind2=" ">
    <subfield code="a">Business communication and presentation.</subfield>
  </datafield>
  <datafield tag="650" ind1=" " ind2=" ">
    <subfield code="a">COMPUTERS  </subfield>
    <subfield code="x">Security.</subfield>
  </datafield>
  <datafield tag="650" ind1=" " ind2=" ">
    <subfield code="a">Computer security.</subfield>
  </datafield>
  <datafield tag="700" ind1=" " ind2=" ">
    <subfield code="a">Davis, Adrian  </subfield>
    <subfield code="e">Author</subfield>
  </datafield>
  <datafield tag="700" ind1=" " ind2=" ">
    <subfield code="a">Hallas, Bruce </subfield>
    <subfield code="e">Author</subfield>
  </datafield>
  <datafield tag="700" ind1=" " ind2=" ">
    <subfield code="a">McMahon, Ciar&#xE1;n </subfield>
    <subfield code="e">Author</subfield>
  </datafield>
  <datafield tag="942" ind1=" " ind2=" ">
    <subfield code="2">lcc</subfield>
    <subfield code="c">BOOKS</subfield>
    <subfield code="h">QA76.A25 BAR</subfield>
    <subfield code="k">QA</subfield>
    <subfield code="m">BAR</subfield>
    <subfield code="n">0</subfield>
  </datafield>
  <datafield tag="999" ind1=" " ind2=" ">
    <subfield code="c">172320</subfield>
    <subfield code="d">172320</subfield>
  </datafield>
  <datafield tag="952" ind1=" " ind2=" ">
    <subfield code="0">0</subfield>
    <subfield code="1">0</subfield>
    <subfield code="2">LCC</subfield>
    <subfield code="4">0</subfield>
    <subfield code="7">0</subfield>
    <subfield code="8">NFIC</subfield>
    <subfield code="a">MAIN</subfield>
    <subfield code="b">MAIN</subfield>
    <subfield code="c">GEN</subfield>
    <subfield code="d">2025-08-26</subfield>
    <subfield code="e">Book Aid International</subfield>
    <subfield code="g">20.00</subfield>
    <subfield code="l">0</subfield>
    <subfield code="o">QA76.A25 BAR</subfield>
    <subfield code="p">92004055388</subfield>
    <subfield code="r">2025-08-26 10:05:35</subfield>
    <subfield code="t">61345</subfield>
    <subfield code="v">20.00</subfield>
    <subfield code="w">2025-08-26</subfield>
    <subfield code="y">BOOKS</subfield>
    <subfield code="z">Donation</subfield>
  </datafield>
</record>
